| 000 | 00460nam a2200145Ia 4500 | ||
|---|---|---|---|
| 001 | 759 | ||
| 008 | 220824s1939 ii a g b000 u 465 u | ||
| 082 | _a572.9 | ||
| 100 | _aHaimendorf, Christoph Von Furer . | ||
| 245 | 0 |
_aNaked Nagas: Head-Hunters of Assam in Peace and War / _cChristoph Von Furer-Haimendorf. _hTextual Documents |
|
| 250 | _a1st ed. / | ||
| 260 |
_aCalcutta : _bThacker, spine & Co , _c1939. |
||
| 300 |
_a216p. : _bill ; _c21cm . |
||
| 942 |
_2ddc _cBK |
||
| 999 |
_c757 _d757 |
||